Contando con Películas - Estadísticas

Estadísticas generales
  • Esta prueba ha sido intentada 70 veces
  • La puntuación promedio es 4 de 19
Estadísticas de respuestas
Hint Respuesta % Correcto
Un niño con la capacidad de ver muertos y un psicólogo intentan resolver su angustia, llevando a un giro inesperado. (numeral) El Sexto sentido
81%
Un grupo de amigos atraviesa diversos eventos de amor, tragedia y amistad en medio de bodas y funerales. Cuatro bodas y un funeral
53%
Un grupo de ladrones planea el robo de tres casinos en Las Vegas con una meticulosa estrategia. (inglés) Ocean's Eleven
53%
Un joven rapero lucha por encontrar su lugar en el mundo de la música en un barrio de Detroit. Ocho millas
32%
Un grupo de adolescentes de diferentes grupos sociales pasan un sábado juntos en detención, aprendiendo sobre sí mismos El club de los cinco
31%
Un hombre y sus hermanos luchan por encontrar esposas en el campo, todo mientras enfrentan dificultades cómicas. Siete novias para siete hermanos
22%
Un hombre de 37 años revive su adolescencia cuando es misteriosamente transformado en su yo adolescente. Diecisiete otra vez
20%
Un grupo de jóvenes va a un campamento, donde se enfrentan a un misterioso y asesino psicópata. Viernes trece
20%
Un hombre es enviado al pasado para detener una pandemia global que casi destruye la humanidad. Doce monos
19%
Un capitán y su tripulación exploran las profundidades del mar bajo el mando del misterioso Capitán Nemo. (es parte de un número mas grande) Veinte mil leguas de viaje submarino
17%
Dos hombres prehistóricos embarcan en una aventura para descubrir nuevos horizontes en un mundo primitivo. Año Uno
14%
Tres hombres solteros deben cuidar de un bebé que es dejado en su puerta por sorpresa. Tres solteros y un biberón
14%
Dos estafadores se alían para engañar a un comprador de antigüedades, pero las cosas no son lo que parecen. Nueve reinas
10%
Un policía debe escoltar a un testigo a través de una peligrosa zona de la ciudad, enfrentando múltiples obstáculos. Dieciséis calles
5%
Una adolescente intenta conquistar a un chico, mientras enfrenta los desafíos de su familia y la escuela. Diez cosas que odio de ti
5%
Un hombre y una mujer conspiran para asesinar al esposo de ella, pero las cosas se complican. El cartero siempre llama dos veces
3%
Un detective y un fotógrafo luchan por resolver una serie de crímenes relacionados con la fama en los medios. Quince minutos
3%
La película sigue diversas historias interconectadas que ocurren alrededor de la comida y el encuentro entre personas. Dieciocho comidas
2%
Un hombre viaja de Marruecos a España en busca de una vida mejor, enfrentando los desafíos de la inmigración. Un franco catorce pesetas
2%
No se encontraron pruebas coincidentes
Distribución de puntuación
Porcentaje de gente con cada puntuación
Porcentaje por número respondido
Historial de tus puntuaciones
No has intentado esta prueba.